01691nam a2200265 a 450000100100000000500170001000800410002704000250006808200150009310000300010824500820013826000480022030000420026849000690031049000280037971000510040783000780045883000370053695201280057395202010070195201280090295201860103095201920121699900170140800002721320240307073947.0110330s1979 dr abc 000 0 spa d aDO-SdBNPbspacBNPHU axxxbR813g1 aRosenberg, June C.91791013aEl Gaga :breligión y sociedad de un culto dominicano /cJune C. Rosenberg. aSanto Domingo :bEditora de la UASD,c1979. a233 p. :bil., mapa, retrs. ;c23 cm.1 aPublicaciones de la Universidad Autónoma de Santo Domingov2721 aHistoria y sociedadv371 aUniversidad Autónoma de Santo Domingo972951 0aPublicaciones de la Universidad Autónoma de Santo Domingo ;n272954281 0aHistoria y sociedad ;n37954282 001054708DSaGRbGRcCTd2011-05-17iLF1l0oxxx R813gp27213-30r2020-06-25te. 3w2020-06-25yLFDSZPréstamo en sala 001054708DSaGRbGRcCTd2011-05-31iLF1l0oxxx R813gp27213-40r2020-06-25te. 4w2020-06-25yLFDSzPerteneció a la biblioteca personal de Aída Cartagena Portalatín.ZPréstamo en sala 001054708DSaGRbGRcCTd2011-05-31iLF1l0oxxx R813gp27213-50r2020-06-25te. 5w2020-06-25yLFDSZPréstamo en sala 0010718PDaPDbPDcCTd2011-03-30iLF1l0oxxx R813gp27213-10r2020-06-25w2020-06-25yLFPDzPerteneció a la biblioteca personal de Aída Cartagena Portalatín.ZNo se presta 0010718PDaPDbPDcCTd2011-04-19iLF1l0oxxx R813gp27213-20r2020-06-25te. 2w2020-06-25yLFPDzPerteneció a la biblioteca personal de Aída Cartagena Portalatín.ZNo se presta c26705d26705